|
|
|
|
| LEADER |
00000cam a2200000 7i4500 |
| 001 |
0000091995 |
| 005 |
20230720092800.0 |
| 008 |
|
| 020 |
|
|
|a 9789670068008 (
|q (paperback))
|
| 040 |
|
|
|e rda
|
| 041 |
|
|
|a Malay
|
| 090 |
0 |
0 |
|a EDU
|b MAL
|
| 100 |
1 |
|
|a Jayakumary Marimuthu, Dr., ,
|d 1975- ,
|e (author)
|
| 245 |
1 |
0 |
|a Saya Mahir Simpulan Bahasa
|c Dr. Jayakumary Marimuthu
|
| 264 |
|
1 |
|a Kuching, Sarawak :
|b Anugerah Publication
|c 2023
|
| 300 |
|
|
|a 46 pages :
|b color illustrations ;
|c 21.5 cm.
|
| 336 |
|
|
|a text
|2 rdacontent
|
| 337 |
|
|
|a unmediated
|2 rdamedia
|
| 338 |
|
|
|a volume
|2 rdacarrier
|
| 490 |
1 |
|
|a Graphic library
|
| 500 |
|
|
|a Children ages 7-9 years old (orange)
|
| 541 |
|
|
|c Purchased on 2023
|f 3248 AKIZ
|h RM26.50
|
| 650 |
|
0 |
|a Malay language
|x Idioms
|
| 650 |
|
0 |
|a Malay language
|x Usage
|
| 650 |
|
0 |
|a Proverbs, Malay
|
| 730 |
0 |
|
|a Title
|
| 999 |
|
|
|a 0001730602
|b Book
|c Children Collection
|e Cawangan Urban Transformation Centre
|
| 999 |
|
|
|a 0001730603
|b Book
|c Children Collection
|e Cawangan AEON Kulaijaya
|
| 999 |
|
|
|a 0001730604
|b Book
|c Children Collection
|e Perbadanan Perpustakaan Awam Johor
|
| 999 |
|
|
|a 0001730605
|b Book
|c Children Collection
|e Cawangan Taman Universiti
|
| 999 |
|
|
|a 0001730606
|b Book
|c Children Collection
|e Cawangan Bandar Tenggara
|
| 999 |
|
|
|a 0001730607
|b Book
|c Children Collection
|e Cawangan Bandar Penawar
|
| 999 |
|
|
|a 0001730608
|b Book
|c Children Collection
|e Cawangan Tmn. Ungku Tun Aminah
|
| 999 |
|
|
|a 0001730609
|b Book
|c Children Collection
|e Cawangan Taman Sri Lambak
|
| 999 |
|
|
|a 0001730610
|b Book
|c Children Collection
|e Cawangan Mersing
|
| 999 |
|
|
|a 0001730611
|b Book
|c Children Collection
|e Cawangan Tangkak
|
| 999 |
|
|
|a 0001730612
|b Book
|c Children Collection
|e Cawangan Segamat
|
| 999 |
|
|
|a 0001730613
|b Book
|c Children Collection
|e Cawangan Pontian
|
| 999 |
|
|
|a 0001730614
|b Book
|c Children Collection
|e Cawangan Kota Tinggi
|
| 999 |
|
|
|a 0001730615
|b Book
|c Children Collection
|e Cawangan Batu Pahat
|
| 999 |
|
|
|a 0001730616
|b Book
|c Children Collection
|e Cawangan Bukit Gambir
|
| 999 |
|
|
|a 0001730617
|b Book
|c Children Collection
|e Perbadanan Perpustakaan Awam Johor
|
| 999 |
|
|
|a 0001730618
|b Book
|c Children Collection
|e Cawangan Muar
|